000 00733nam a2200205 a 4500
001 000017610
005 20200929165153.0
008 100329s1923 dr c r 000 0 spa d
040 _aDO-SdBNP
_bspa
_cBNPHU
082 _a617.964
_bM896c
100 1 _aMoscoso, F. E.
_q(Francisco Eujenio)
_938402
245 1 0 _aContribución al estudio de la raquianestesia /
_cF. E. Moscoso.
260 _aSanto Domingo :
_bMontalvo,
_c1923.
300 _a46 p. :
_bretrs. ;
_c22 cm.
500 _aIncluye índice de figuras
505 0 _aConsideraciones acerca del diagnóstico precoz del cáncer --
_tLos estados precancerosos.
590 _aInventariado, 2018/MFF
650 4 _aRaquianestesia
_938403
910 _aValidado. Control de calidad MFF
999 _c17135
_d17135